Cities in the New York City Metro Area on a Map - Statistics

General Stats
  • This quiz has been taken 97 times
  • The average score is 15 of 32
Answers on the Map
Answers color-coded by a green-red scale on the quiz's map according to % correct below.
 
Answer Stats
State Population Answer % Correct
NY 8,804,190 New York
99%
NJ 292,449 Jersey City
93%
NJ 311,549 Newark
93%
NY 211,569 Yonkers
93%
NJ 137,298 Elizabeth
74%
NJ 159,732 Paterson
73%
NY 79,726 New Rochelle
71%
NJ2 60,419 Hoboken
69%
NY 59,559 White Plains
69%
NY 73,893 Mount Vernon
61%
NJ 71,686 Bayonne
55%
NY 35,029 Long Beach
48%
NJ 69,612 East Orange
45%
NJ2 68,589 Union City
44%
NJ 70,537 Passaic
43%
NJ2 55,266 New Brunswick
41%
NJ2 55,436 Perth Amboy
39%
NY 16,592 Rye
39%
NJ3 15,188 Asbury Park
36%
NJ 90,296 Clifton
35%
NY 28,365 Glen Cove
33%
NJ2 46,030 Hackensack
33%
NJ3 31,667 Long Branch
26%
NY 25,431 Peekskill
26%
NJ3 9,411 South Amboy
25%
NJ2 43,738 Linden
24%
NJ3 29,556 Rahway
24%
NJ3 22,719 Summit
21%
NJ3 29,308 Englewood
18%
NJ2 32,655 Garfield
18%
NJ2 54,586 Plainfield
18%
NJ3 4,139 Lambertville
9%
No matching quizzes found
Score Distribution
Percent of People with Each Score
Percentile by Number Answered
Your Score History
You have not taken this quiz